| 000 | 01178cam a2200205 4500 | ||
|---|---|---|---|
| 001 | WB3801-18 | ||
| 008 | 011219n2001 000 0 eng u | ||
| 035 | _a(Sirsi) u116067 | ||
| 245 | _aLaw Society to tackle "delay and disruption" | ||
| 260 | _c2001 | ||
| 490 |
_aRICS Dispute Resolution Faculty News _v 18 December 2001, (1) |
||
| 520 | _aThe Society of Construction Law (SCL) proposes a groundbreaking new Protocol, which will monitor the progress of the workflow, and delay if it occurs, through the construction process. It contains guidance on efficient dispute resolution on already disputed projects, and also answers frequently asked questions. The Protocol is currently in draft form, and will be subject to public consultation until 31 January 2002. The final version will be published in April 2002. For more information, contact Victoria Russell, Chairman of the Society of Construction Law, tel 020 7956 9354. The SCL website provides a text version of the Protocol, www.eotprotocol.com | ||
| 590 | _aWB | ||
| 650 | _aLAW SOCIETY | ||
| 650 | _aDELAY | ||
| 650 | _aDISRUPTION | ||
| 650 | _aPROTOCOLS | ||
| 690 |
_aDispute resolution _96236 |
||
| 942 | _n0 | ||
| 999 |
_c69141 _d69141 |
||